| 000 | 00894nam a22002897a 4500 | ||
|---|---|---|---|
| 003 | CHAP | ||
| 005 | 20220817044524.0 | ||
| 008 | 010323s2011 it rn 00010 spa d | ||
| 010 | _a103196 | ||
| 011 | _a104168 | ||
| 020 | _a9789251069035 | ||
| 035 | _a114857 | ||
| 040 | _cCHAP | ||
| 082 | 0 | 4 |
_a338.19 _bF215y |
| 110 | 2 | _aFAO | |
| 245 | 1 | 0 |
_aLooking ahead in world food and agriculture : _bperspectives to 2050 _c/editado por Piero Conforti |
| 260 |
_aRoma : _bFAO, _c2011 |
||
| 300 |
_axviii, 539 p. : _bgráfs., tablas |
||
| 590 |
_aBATCH-UPD _b10 _c20130110 _lUCH01 _h1636 |
||
| 590 |
_aCONVERSION _b10 _c20130109 _lUCH01 _h1357 |
||
| 650 | 1 | 4 |
_aAlimentos _xAbastecimiento. |
| 650 | 1 | 4 |
_aCultivos _xRendimiento. _930318 |
| 700 | 1 |
_aConforti, Piero _eed. _926649 |
|
| 901 | _aBK | ||
| 942 | _cLIBRO | ||
| 949 |
_a338.19 F215y _bBC _cFAO _d33724002328736 _eFAO1 _gDonaciØn _h116674 _i114857 _sb |
||
| 999 |
_c103196 _d103196 |
||